Azjatyckie miasta - nagła śmierć - Statystyki

Ogólne statystyki
  • Ten quiz został rozwiązany 207 razy
  • Średni wynik to 11 z 13
Answers on the Grid
Answers color-coded by a green-red scale on the quiz's grid according to % correct below.
Tokio
Miami
Pekin
Montevideo
Dżakarta
Johannesburg
Seul
Addis Abeba
Lima
Shanghaj
Phoenix
Dhaka
Cuzco
Bangkok
Medellín
Manila
Lagos
Teheran
Rijad
Toronto
Abidżan
Pretoria
Giza
Ułan Bator
Kinszasa
Baku
Nairobi
Tajpej
 
Statystyki odpowiedzi
Odpowiedź % Poprawnych
Tokio
99%
Seul
97%
Pekin
96%
Shanghaj
95%
Bangkok
94%
Dżakarta
85%
Teheran
82%
Baku
81%
Tajpej
80%
Ułan Bator
79%
Rijad
78%
Manila
74%
Dhaka
72%
Nie znaleziono quizów pasujących do podanych kryteriów
Rozkład punktacji
Procent ludzi z każdym wynikiem
Percentyl według liczby udzielonych odpowiedzi
Twoja historia wyników
Nie rozwiązałeś tego quizu